Evaluación del tratamiento anti-helicobacter pylori en la dispepsia no ulcerosa con estómago endoscópicamente normal

Determinar la efectividad de la erradicación del elicobacter pylori, en pacientes con estómago endoscópicamente normal para controlar la dispepcia no ulcerosa, comparando con pacientes que solamente recibieron terapéutica antisecretora.

Bibliografske podrobnosti
Glavni avtor: Coronel, E.
Format: Article
Jezik:Spanish
Teme:

MARC

LEADER 00000cab a2200000 a 4500
003 Ucuenca
005 20230308204015.0
008 009072|2009 ec |||||r|||||||||||spa||
022 |a 1390-4450 
040 |b spa 
041 0 |a es 
082 0 |a 610.5 
100 1 |a Coronel, E.   |9 228342 
245 |a Evaluación del tratamiento anti-helicobacter pylori en la dispepsia no ulcerosa con estómago endoscópicamente normal  |c E. Coronel, F. Cajamarca y W. Morocho  |h imp 
264 |a Cuenca  |b Universidad de Cuenca  |c 2009 
300 |a páginas: 11-13  |c 29.5 cm 
362 |a Vol. 28 (29 de abril) 
520 3 |a Determinar la efectividad de la erradicación del elicobacter pylori, en pacientes con estómago endoscópicamente normal para controlar la dispepcia no ulcerosa, comparando con pacientes que solamente recibieron terapéutica antisecretora.  
650 |a Helicobacter pylori  |9 134856 
650 |a Hospital monte sinai  |9 143346 
852 |a UC-SALUD  |f Donación  |l 1  |m Limitada  |p 20090721  |b 1  |d CDRS  |e CDRS  |g 610.5 si1295 HEMEROTECA: SECCION ECUADOR  |z 2009-90-72 
942 |c SERA  |2 ddc  |r denisse.artiles@ucuenca.edu.ec 
773 0 |0 141335  |9 116052  |a Universidad de Cuenca  |d Cuenca Universidad de Cuenca. 2009  |o 200725   |t Revista de la Facultad de Ciencias Médicas  |x 1390-4450 
999 |c 107493  |d 107493